Países más cercanos a Antigua y Barbuda - Estadísticas

Estadísticas generales
  • Esta prueba ha sido intentada 131 veces
  • La puntuación promedio es 16 de 20
Estadísticas de respuestas
km país % Correcto
1317 Cuba
98%
944 Haití
97%
688 República Dominicana
96%
696 Venezuela
96%
333 Santa Lucía
92%
1134 Colombia
91%
154 Dominica
91%
1414 Jamaica
91%
966 Guyana
90%
68 San Cristóbal y Nieves
90%
1338 Surinam
90%
409 San Vicente y las Granadinas
89%
467 Barbados
88%
642 Trinidad y Tobago
88%
1230 Bahamas
87%
500 Granada
86%
1318 Brasil
74%
998 Aruba
28%
923 Curaçao
9%
126 Sint Maarten
3%
No se encontraron pruebas coincidentes
Distribución de puntuación
Porcentaje de gente con cada puntuación
Porcentaje por número respondido
Historial de tus puntuaciones
No has intentado esta prueba.